000 00633nam a2200241Ia 4500
003 OSt
005 20221007063304.0
006 a|||||r|||| 00| 0
007 ta
008 221006b |||||||| |||| 00| 0 eng d
024 _a15,510
037 _cTextual
040 _aFLL
_cFLL
_beng
041 _2eng
_aeng
082 _aX62:Z2, H8
100 _aDavar Sohrab R. Au.
_9683998
245 0 _aLaw and practice of banking
250 _a6th
260 _aBombay
_bProgressive Pub. India
_c1948
300 _aviii,675p
_ccm.
942 _hX62:Z2, H8
_cTEXL
_2CC
999 _c1130878
_d1130878